| 000 | 00309nam a2200085Ia 4500 | ||
|---|---|---|---|
| 245 | 0 | _aCompensation for Occupational Injuries and Diseases Act, 130 of 1993 & regulations | |
| 100 |
_a South Africa Claremont [Western Cape], 2012 2nd ed _985670 |
||
| 942 | _cBK | ||
| 008 | 210817s9999 xx 000 0 und d | ||
| 999 |
_c321201 _d321200 |
||